I sei paesi più vicini: il Portogallo - Statistics

Statistiche generali
  • Questo quiz è stato fatto 68 volte
  • Il punteggio medio è 4 su 6
Statistiche sulle risposte
km paese % Corretto
0 Spagna
98%
412 Francia
92%
637 Andorra
85%
202 Marocco
85%
520 Algeria
45%
879 Regno Unito
33%
Nessun quiz corrispondente trovato
Distribuzione punteggi
Percentuale di utenti per punteggio
Percentile per numero di risposta
I tuoi punteggi nel tempo
Non hai fatto questo quiz